000 01479cam a22004694i 4500
003 PE-LiUPU
005 20250731173113.0
008 190107s2017 mau r 000 0 heb d
020 _a9781683070733
020 _a1683070739
035 _a(Sirsi) a251305
040 _aPE-LiUPU
_bspa
_cPE-LiUPU
_erda
041 1 _aheb
_agrc
049 _aPRUA
082 0 4 _a220.44
_bC7
_220
245 1 4 _aThe complete Hebrew-Greek bible.
264 1 _aPeabody, Massachusetts :
_bHendrickson Publishers,
_c2017.
300 _axxxii, 687, xxix, 1264 páginas ;
_c22 centímetros
336 _atext
_2rdacontent
337 _aunmediated
_2rdamedia
338 _avolume
_2rdacarrier
505 0 _aThe complete Hebrew-Greek bible
526 _aSEG42
526 _aSEG41
526 _aSEG40
526 _aSEG39
526 _aP94
526 _aP87
526 _aP86
526 _aP85
526 _aP77
526 _aP76
526 _aP35
650 0 4 _aBiblia.
_pNuevo Testamento
_xVersiones.
_lGriego
650 0 4 _aBibia.
_pAntiguo Testamento
_xVersiones.
_lHebreo
910 _adbm
_bncf
_cncf
_d20190107
942 _2ddc
_cBOOK
994 _aC0
_bPEPRU
596 _a1
999 _a220.44 C7
_wDEWEY
_c30724
_i79721
_d30724
_f2021-11-9
_g4
_lCCODEBUL1
_mBUL
_p43.66
_q2
_r0
_sY
_tBOOK
_u2019-1-7
_xTEOLOGIA
_PP85
_0DONACION
_1FCOMPR2
_o.STAFF. Colección Teología
980 _81
_gALBERTO SANCHEZ Responsable de Automatización